|
|
|
|
| LEADER |
00849nam a2200217 i 4500 |
| 001 |
c000124846 |
| 003 |
CARM |
| 005 |
00000000000000.0 |
| 008 |
840903s1951 xx 00000 eng d |
| 019 |
1 |
|
|a 9247346
|z 58008450
|5 LACONCORD2021
|
| 035 |
|
|
|a (OCoLC)50130567
|5 LACONCORD2021
|
| 110 |
2 |
0 |
|a Amalgamated Engineering Union (Australia)
|
| 245 |
1 |
4 |
|a The story of the engineers :
|b centenary souvenir /
|c Drawings by Philip Mendoza.
|
| 260 |
|
|
|a Londn ,
|c [1951].
|
| 300 |
|
|
|a 36 p. :
|b illus.
|
| 610 |
2 |
0 |
|a Amalgamated Engineering Union.
|
| 650 |
|
0 |
|a Working class
|z Great Britain.
|
| 740 |
0 |
0 |
|a Centenary souvenir.
|
| 852 |
8 |
|
|b CARM
|h A2:AF29C0
|i D01079
|p 0071043
|f BK
|
| 999 |
f |
f |
|i b282955c-7c41-5c89-b208-d6753e00ebfe
|s af70ead6-8a9a-5fc8-b717-d82797b7f18f
|
| 952 |
f |
f |
|p Can circulate
|a CAVAL
|b CAVAL
|c CAVAL
|d CARM 1 Store
|e D01079
|f A2:AF29C0
|h Other scheme
|i book
|m 0071043
|